Statistics for UK supermarkets

Click here to take the quiz!

General Stats

  • This quiz has been taken 83 times
  • The average score is 8 of 10

Answer Stats

Answer% Correct
Tesco
100%
Aldi
95%
Lidl
91%
Morrison's
89%
Waitrose
88%
Asda
86%
Sainsbury's
86%
Co-op
67%
Marks and spencer
56%
Iceland
41%

Score Distribution

Percentile by Number Answered

Percent of People with Each Score

Your Score History

You have not taken this quiz